[Event "Aarhusmesterskabet 2020"]
[Site "Aarhus"]
[Date "2020.02.16"]
[Round "6.11"]
[White "Zander, Emil"]
[Black "Nielsen, Ture Jungberg"]
[Result "0-1"]
[WhiteElo "1462"]
[BlackElo "1760"]
[Annotator "NA RC"]
[PlyCount "26"]
[EventDate "2020.02.14"]
[EventType "swiss"]
[EventCountry "DEN"]
[SourceTitle "playchess.com"]
[Source "ChessBase"]
[SourceQuality "1"]
[TimeControl "40/5400+30:1800+30"]

1. d4 {[%emt 0:00:00]} Nf6 {[%emt 0:00:00]} 2. Bf4 {[%emt 0:00:16]} c5 {[%emt 0:00:00]} 3. e3 {[%emt 0:00:06]} Qb6 {[%emt 0:01:07]} 4. b3 {[%emt 0:02:33]} d5 {[%emt 0:02:42]} 5. Nf3 {[%emt 0:03:01]} Bg4 {[%emt 0:01:43]} 6. Be2 {[%emt 0:03:13]} Nc6 {[%emt 0:02:03]} 7. c3 {[%emt 0:04:37]} e6 {[%emt 0:08:06]} 8. O-O {[%emt 0:06:14]} Be7 {[%emt 0:02:20]} 9. h3 {[%emt 0:02:19]} Bf5 {[%emt 0:03:05]} 10. Nh4 {[%emt 0:04:31]} Bxb1 {[%emt 0:00:31]} 11. Qxb1 {[%emt 0:03:47]} Ne4 {[%emt 0:00:08]} 12. Nf3 {[%emt 0:00:05]} Nxc3 {[%emt 0:00:07]} 13. dxc5 {[%emt 0:00:36]} Nxe2+ {[%emt 0:00:38]} 0-1

[Event "Aarhusmesterskabet 2020"]
[Site "Aarhus"]
[Date "2020.02.16"]
[Round "7.1"]
[White "Fries-Nielsen, Jens Ove"]
[Black "Danielsen, Henrik"]
[Result "1/2-1/2"]
[WhiteElo "2373"]
[BlackElo "2511"]
[Annotator "TA"]
[PlyCount "20"]
[EventDate "2020.02.14"]
[EventType "swiss"]
[EventCountry "DEN"]
[SourceTitle "playchess.com"]
[Source "ChessBase"]
[SourceQuality "1"]

{[%evp 9,20,35,68,41,81,44,43,39,33,38,35,0,5]} 1. d4 f5 2. Nc3 Nf6 3. Bf4 d5 4. e3 c6 5. Nf3 g6 6. Be2 {[#] A80: Dutch Defence: Unusual White second moves.} Be6 $146 ({Predecessor:} 6... Bg7 7. Ne5 Be6 8. h4 Nbd7 9. h5 Nxe5 10. Bxe5 Qd7 11. h6 Bf8 12. a4 a5 {0-1 (30) Selegenenko,V (2181)-Imashev,I (2265) Ufa 2007}) 7. O-O Bg7 8. Na4 Nbd7 9. b4 Ne4 10. Nd2 O-O 1/2-1/2

[Event "Aarhusmesterskabet 2020"]
[Site "Aarhus"]
[Date "2020.02.16"]
[Round "7.2"]
[White "Ochsner, Bjorn Moller"]
[Black "Nielsen, Viktor Haarmark"]
[Result "1-0"]
[WhiteElo "2472"]
[BlackElo "2300"]
[Annotator "ChessBase"]
[PlyCount "65"]
[EventDate "2020.02.14"]
[EventType "swiss"]
[EventCountry "DEN"]
[SourceTitle "playchess.com"]
[Source "ChessBase"]
[SourceQuality "1"]
[TimeControl "40/5400+30:1800+30"]

1. e4 {[%emt 0:02:20]} c5 {[%emt 0:00:00]} 2. Nf3 {[%emt 0:00:08]} e6 {[%emt 0:00:00]} 3. c3 {[%emt 0:00:05]} Nf6 {[%emt 0:00:00]} 4. e5 {[%emt 0:00:16]} Nd5 {[%emt 0:00:13]} 5. Bc4 {[%emt 0:00:07]} d6 {[%emt 0:04:37]} 6. d4 {[%emt 0:00:11]} cxd4 {[%emt 0:02:19]} 7. cxd4 {[%emt 0:00:09]} Nc6 {[%emt 0:00:55]} 8. O-O {[%emt 0:00:17]} Be7 {[%emt 0:03:51]} 9. exd6 {[%emt 0:00:23]} Qxd6 {[%emt 0:00:51]} 10. Nc3 {[%emt 0:00:25]} Nxc3 {[%emt 0:05:27]} 11. bxc3 {[%emt 0:00:08]} O-O {[%emt 0:00:10]} 12. Re1 {[%emt 0:00:58]} b6 {[%emt 0:01:44]} 13. Qe2 {[%emt 0:00:57]} Bb7 {[%emt 0:09:31]} 14. Bd3 {[%emt 0:10:56]} Na5 {[%emt 0:11:01]} 15. Ne5 {[%emt 0:06:47]} Qd5 {[%emt 0:05:05]} 16. Qg4 {[%emt 0:05:18]} f5 {[%emt 0:00:17]} 17. Qg3 {[%emt 0:03:02]} Rac8 {[%emt 0:02:45]} 18. Bf1 {[%emt 0:08:33]} Qd8 {[%emt 0:10:33]} 19. Bh6 {[%emt 0:14:48]} Bf6 {[%emt 0:00:20]} 20. h4 {[%emt 0:03:54]} Bd5 {[%emt 0:05:29]} 21. h5 {[%emt 0:06:24]} Nc6 {[%emt 0:11:18]} 22. Nd3 {[%emt 0:17:47]} Rf7 {[%emt 0:05:59]} 23. Bd2 {[%emt 0:01:57]} Bc4 {[%emt 0:03:03]} 24. Nf4 {[%emt 0:02:03]} Bxf1 {[%emt 0:03:38]} 25. Nxe6 {[%emt 0:00:47]} Qd7 {[%emt 0:01:54]} 26. Kxf1 {[%emt 0:00:12]} b5 {[%emt 0:00:22]} 27. Bg5 {[%emt 0:06:25]} Bxg5 {[%emt 0:03:35]} 28. Qxg5 {[%emt 0:00:17]} Rf6 {[%emt 0:00:48]} 29. d5 {[%emt 0:02:41]} Nd8 {[%emt 0:02:44]} 30. Nxg7 {[%emt 0:01:25]} Qxg7 {[%emt 0:02:16]} 31. Re8+ {[%emt 0:00:08]} Rf8 {[%emt 0:00:11]} 32. Rxf8+ {[%emt 0:00:06]} Kxf8 {[%emt 0:00:04]} 33. Qxf5+ {[%emt 0:00:05]} 1-0

[Event "Aarhusmesterskabet 2020"]
[Site "Aarhus"]
[Date "2020.02.16"]
[Round "7.3"]
[White "Dumas, Charles"]
[Black "Schmidt, Tommy B."]
[Result "1/2-1/2"]
[WhiteElo "2289"]
[BlackElo "2166"]
[Annotator "ChessBase"]
[PlyCount "88"]
[EventDate "2020.02.14"]
[EventType "swiss"]
[EventCountry "DEN"]
[SourceTitle "playchess.com"]
[Source "ChessBase"]
[SourceQuality "1"]
[TimeControl "40/5400+30:1800+30"]

1. e4 {[%emt 0:00:00]} e6 {[%emt 0:00:00]} 2. d4 {[%emt 0:00:00]} d5 {[%emt 0:00:00]} 3. Nd2 {[%emt 0:00:00]} Be7 {[%emt 0:00:00]} 4. Ngf3 {[%emt 0:00:08]} Nf6 {[%emt 0:00:00]} 5. e5 {[%emt 0:00:12]} Nfd7 {[%emt 0:00:00]} 6. Bd3 {[%emt 0:00:24]} c5 {[%emt 0:00:07]} 7. c3 {[%emt 0:00:04]} cxd4 {[%emt 0:00:35]} 8. cxd4 {[%emt 0:00:08]} Nc6 {[%emt 0:00:06]} 9. O-O {[%emt 0:00:50]} a5 {[%emt 0:00:21]} 10. a4 {[%emt 0:08:58]} g5 {[%emt 0:04:14]} 11. Nb3 {[%emt 0:04:08]} g4 {[%emt 0:02:43]} 12. Ne1 {[%emt 0:01:32]} f5 {[%emt 0:03:17]} 13. exf6 {[%emt 0:02:09]} Nxf6 {[%emt 0:00:24]} 14. Bh6 {[%emt 0:09:11]} Qb6 {[%emt 0:04:46]} 15. Rc1 {[%emt 0:01:42]} Bd7 {[%emt 0:04:17]} 16. Bb5 {[%emt 0:01:43]} Rg8 {[%emt 0:01:55]} 17. Nc5 {[%emt 0:04:21]} Bd6 {[%emt 0:05:53]} 18. Be3 {[%emt 0:03:35]} h5 {[%emt 0:01:50]} 19. Ned3 {[%emt 0:02:19]} Qc7 {[%emt 0:02:46]} 20. g3 {[%emt 0:01:16]} Ke7 {[%emt 0:08:49]} 21. Bf4 {[%emt 0:02:01]} Ne4 {[%emt 0:05:21]} 22. Re1 {[%emt 0:03:34]} Nxc5 {[%emt 0:08:23]} 23. Bxd6+ {[%emt 0:01:34]} Qxd6 {[%emt 0:00:50]} 24. Nxc5 {[%emt 0:00:18]} Rab8 {[%emt 0:03:04]} 25. Qd3 {[%emt 0:03:43]} Rg7 {[%emt 0:00:17]} 26. Qe3 {[%emt 0:01:08]} Rg6 {[%emt 0:01:55]} 27. b3 {[%emt 0:01:17]} Be8 {[%emt 0:02:23]} 28. Bxc6 {[%emt 0:01:53]} bxc6 {[%emt 0:00:31]} 29. Qc3 {[%emt 0:07:45]} Qd8 {[%emt 0:03:16]} 30. Re5 {[%emt 0:01:00]} Rf6 {[%emt 0:00:31]} 31. Rce1 {[%emt 0:01:31]} Bf7 {[%emt 0:00:28]} 32. Qe3 {[%emt 0:02:48]} Qg8 {[%emt 0:00:43]} 33. Rg5 {[%emt 0:00:45]} Qh7 {[%emt 0:02:12]} 34. Qe5 {[%emt 0:02:15]} Rc8 {[%emt 0:00:25]} 35. Nb7 {[%emt 0:01:50]} Qc2 {[%emt 0:01:32]} 36. Re2 {[%emt 0:04:59]} Qd1+ {[%emt 0:06:20]} 37. Kg2 {[%emt 0:04:00]} Qxb3 {[%emt 0:02:26]} 38. Qd6+ {[%emt 0:02:10]} Ke8 {[%emt 0:00:23]} 39. Nc5 {[%emt 0:00:56]} Qf3+ {[%emt 0:04:14]} 40. Kg1 {[%emt 0:00:09]} Qxe2 {[%emt 0:01:20]} 41. Qd7+ {[%emt 0:30:36]} Kf8 {[%emt 0:30:07]} 42. Qxc8+ {[%emt 0:02:52]} Be8 {[%emt 0:00:13]} 43. Nd7+ {[%emt 0:00:48]} Ke7 {[%emt 0:02:28]} 44. Nxf6 {[%emt 0:04:59]} Qd1+ {[%emt 0:00:16]} 1/2-1/2

[Event "Aarhusmesterskabet 2020"]
[Site "Aarhus"]
[Date "2020.02.16"]
[Round "7.4"]
[White "Fogh, Jens Olaf Svanholm"]
[Black "Hansen, Lars Bo"]
[Result "1/2-1/2"]
[WhiteElo "2112"]
[BlackElo "2560"]
[Annotator "TA"]
[PlyCount "60"]
[EventDate "2020.02.14"]
[EventType "swiss"]
[EventCountry "DEN"]
[SourceTitle "playchess.com"]
[Source "ChessBase"]
[SourceQuality "1"]

{[%evp 24,60,-15,-19,-9,-17,-11,-21,0,0,0,-45,0,-73,-67,-67,-62,-71,-65,-87,-55,-72,-21,-21,0,0,0,0,21,16,56,22,82,0,0,0,53,0,0]} 1. d4 Nf6 2. c4 b6 3. Nf3 e6 4. e3 Bb7 5. Be2 d5 6. Nc3 a6 7. O-O dxc4 8. Bxc4 b5 9. Bd3 Nbd7 10. Qe2 c5 11. dxc5 Bxc5 12. a3 Qc7 13. e4 Rd8 {[#] D27: Queen's Gambit Accepted: Classical main line: 7 e4!? and 7 a4.} 14. Be3 $146 ({Predecessor:} 14. Bg5 h6 15. Bxf6 Nxf6 16. Rac1 Qf4 17. Bxb5+ Kf8 18. Bxa6 Bxe4 19. Nxe4 Nxe4 20. Rc4 f5 21. Bb7 Rd5 22. b4 {1-0 (22) Klemanic,E (2194)-Andras,T (2059) Slovakia 2012}) 14... O-O 15. Rac1 Ng4 16. Bxc5 Nxc5 17. Bc2 Qf4 18. b4 (18. g3 $11 {remains equal.} Qc7 19. h3) 18... Nd7 $17 {[#] White must now prevent ...Nde5.} 19. h3 Nge5 20. Nxe5 Nxe5 21. Rfd1 Rc8 22. Bb1 Rc7 (22... Qg5 $17) 23. Na2 $11 {[%cal Bc3a2,Ba2c1,Bc1b3,Bb3c5][%mdl 32]} Rxc1 24. Nxc1 Rc8 25. Nb3 g6 26. Nc5 Ba8 27. Ba2 Kg7 {[#]} (27... Qf6 $11) 28. Qd2 ({Better is} 28. g3 $1 $16 {[%cal Rg3f4]} Qf3 29. Qxf3 Nxf3+ 30. Kg2) 28... Qxd2 29. Rxd2 a5 (29... g5 $1 $11) 30. f3 ({White should play} 30. f4 $1 $14 axb4 31. axb4) 30... axb4 {Accuracy: White = 62%, Black = 56%.} 1/2-1/2

[Event "Aarhusmesterskabet 2020"]
[Site "Aarhus"]
[Date "2020.02.16"]
[Round "7.5"]
[White "Hoiberg, Nina"]
[Black "Andersen, Lars Rene"]
[Result "0-1"]
[WhiteElo "2168"]
[BlackElo "2103"]
[Annotator "TA"]
[PlyCount "30"]
[EventDate "2020.02.14"]
[EventType "swiss"]
[EventCountry "DEN"]
[SourceTitle "playchess.com"]
[Source "ChessBase"]
[SourceQuality "1"]

{[%evp 17,104,10,35,0,47,-59,-55,-167,-157,-156,-175,-158,-167,-168,-158,-165,-157,-156,-133,-140,-142,-148,108,-109,154,-25,248,-30,220,0,10,0,27,0,103,-33,-38,-93,-97,-168,-111,-114,-118,-133,-122,-177,-191,-215,-202,-201,-216,-193,-54,-60,0,-174,-155,-366,0,-353,-352,-547,-544,-795,-796,-815,-834,-973,-797,-1080,-1030,-1257,-1138,-2051,-968,-6003,-5911,-29984,-29985,-29986,-29987,-29987,-29988,-29988,-29984,-29989,-29990,-29990,-29991]} 1. e4 c5 2. Nf3 e6 3. d4 cxd4 4. Nxd4 Nf6 5. Bd3 Nc6 6. Be3 Qc7 7. Nc3 a6 8. O-O Bd6 9. h3 h5 10. f4 {B48: Sicilian: Taimanov: 5 Nc3 Qc7 6 Be3 a6 without Be2.} (10. Nxc6 {feels hotter.} dxc6 11. f4 e5 12. f5 Qe7 13. a4) 10... Nxd4 {[#]} 11. Bxd4 $146 (11. e5 $1 $14 Bxe5 12. fxe5 Qxe5 13. Qd2) ({Predecessor:} 11. e5 Bc5 12. exf6 Nxc2 13. fxg7 Bxe3+ 14. Kh1 Rg8 15. Bxc2 Rxg7 16. Qxh5 Bd4 17. Qh8+ Ke7 {1-0 (26) Friedel,J (2547)-Zivanic,M (2471) ICC INT 2009}) 11... Bxf4 $15 12. e5 (12. Qf3 $15 Be5 13. Qe3) 12... Bxe5 $19 13. Bxe5 Qxe5 14. Qf3 d5 15. Rae1 Qd4+ {Played: Qe5-g5} 0-1

[Event "Aarhusmesterskabet 2020"]
[Site "Aarhus"]
[Date "2020.02.16"]
[Round "7.6"]
[White "Klitgaard, Thomas"]
[Black "Thybo, Thomas Sondergaard"]
[Result "1/2-1/2"]
[WhiteElo "2187"]
[BlackElo "2075"]
[Annotator "ChessBase"]
[PlyCount "92"]
[EventDate "2020.02.14"]
[EventType "swiss"]
[EventCountry "DEN"]
[SourceTitle "playchess.com"]
[Source "ChessBase"]
[SourceQuality "1"]
[TimeControl "40/5400+30:1800+30"]

1. d4 {[%emt 0:00:00]} Nf6 {[%emt 0:00:00]} 2. Bg5 {[%emt 0:00:00]} c5 {[%emt 0:00:00]} 3. d5 {[%emt 0:00:21]} Ne4 {[%emt 0:00:00]} 4. Bf4 {[%emt 0:00:17]} e6 {[%emt 0:00:00]} 5. f3 {[%emt 0:05:20]} Bd6 {[%emt 0:00:06]} 6. Bxd6 {[%emt 0:01:00]} Nxd6 {[%emt 0:00:06]} 7. e4 {[%emt 0:11:46]} b5 {[%emt 0:00:18]} 8. dxe6 {[%emt 0:07:12]} dxe6 {[%emt 0:01:05]} 9. e5 {[%emt 0:03:02]} Qh4+ {[%emt 0:02:37]} 10. g3 {[%emt 0:04:52]} Qb4+ {[%emt 0:00:04]} 11. Nc3 {[%emt 0:03:01]} Nf5 {[%emt 0:18:04]} 12. Bxb5+ {[%emt 0:09:30]} Bd7 {[%emt 0:00:05]} 13. Qd3 {[%emt 0:04:23]} Nd4 {[%emt 0:02:36]} 14. Bxd7+ {[%emt 0:07:25]} Nxd7 {[%emt 0:00:06]} 15. Rb1 {[%emt 0:02:15]} Nxe5 {[%emt 0:03:44]} 16. Qe4 {[%emt 0:03:53]} Ndxf3+ {[%emt 0:09:50]} 17. Nxf3 {[%emt 0:01:03]} Qxe4+ {[%emt 0:00:05]} 18. Nxe4 {[%emt 0:00:07]} Nxf3+ {[%emt 0:00:05]} 19. Kf2 {[%emt 0:03:32]} Ne5 {[%emt 0:00:12]} 20. Rhd1 {[%emt 0:03:42]} Nd7 {[%emt 0:02:25]} 21. Rd6 {[%emt 0:08:39]} Ke7 {[%emt 0:00:18]} 22. Rbd1 {[%emt 0:01:51]} Rhd8 {[%emt 0:00:55]} 23. Ra6 {[%emt 0:02:33]} h6 {[%emt 0:02:09]} 24. Ke2 {[%emt 0:03:12]} f5 {[%emt 0:01:55]} 25. Nc3 {[%emt 0:01:15]} Rdb8 {[%emt 0:01:23]} 26. Na4 {[%emt 0:03:49]} Rb4 {[%emt 0:00:19]} 27. c3 {[%emt 0:00:57]} Re4+ {[%emt 0:00:05]} 28. Kf1 {[%emt 0:00:47]} Re5 {[%emt 0:03:07]} 29. Rxd7+ {[%emt 0:02:55]} Kxd7 {[%emt 0:00:07]} 30. Nb6+ {[%emt 0:00:08]} axb6 {[%emt 0:00:03]} 31. Rxa8 {[%emt 0:00:03]} g5 {[%emt 0:00:50]} 32. Rh8 {[%emt 0:00:44]} Kc6 {[%emt 0:01:19]} 33. c4 {[%emt 0:02:20]} Re4 {[%emt 0:04:22]} 34. b3 {[%emt 0:00:17]} g4 {[%emt 0:01:01]} 35. Rxh6 {[%emt 0:00:43]} b5 {[%emt 0:00:29]} 36. cxb5+ {[%emt 0:01:13]} Kxb5 {[%emt 0:00:05]} 37. h3 {[%emt 0:01:19]} gxh3 {[%emt 0:00:32]} 38. Rxh3 {[%emt 0:00:12]} Re3 {[%emt 0:02:11]} 39. Rh6 {[%emt 0:01:36]} Rxg3 {[%emt 0:14:24]} 40. Rxe6 {[%emt 0:00:22]} Rh3 {[%emt 0:01:21]} 41. Re2 {[%emt 0:31:58]} Kb4 {[%emt 0:31:01]} 42. Rf2 {[%emt 0:00:18]} Rh1+ {[%emt 0:00:51]} 43. Ke2 {[%emt 0:00:48]} Ra1 {[%emt 0:00:49]} 44. Kf3 {[%emt 0:00:13]} Ka3 {[%emt 0:00:31]} 45. Rc2 {[%emt 0:00:12]} Rxa2 {[%emt 0:00:24]} 46. Rxc5 {[%emt 0:00:11]} Kxb3 {[%emt 0:00:09] Ke4} 1/2-1/2

[Event "Aarhusmesterskabet 2020"]
[Site "Aarhus"]
[Date "2020.02.16"]
[Round "7.7"]
[White "Iversen, Flemming Pagh"]
[Black "Holm, Filip"]
[Result "1-0"]
[WhiteElo "1806"]
[BlackElo "1956"]
[Annotator "TA"]
[PlyCount "115"]
[EventDate "2020.02.14"]
[EventType "swiss"]
[EventCountry "DEN"]
[SourceTitle "playchess.com"]
[Source "ChessBase"]
[SourceQuality "1"]

{[%evp 13,115,24,23,0,42,19,15,15,34,23,22,27,33,19,45,40,48,32,67,42,66,33,42,0,-12,-5,-14,-20,-18,-66,-63,-67,12,22,36,11,13,0,5,11,92,91,83,58,142,129,136,116,122,128,142,137,175,115,196,197,205,193,161,70,273,197,284,208,220,167,189,95,91,60,72,56,75,57,66,0,48,10,41,0,91,0,443,454,450,421,447,456,454,443,437,431,738,734,717,697,739,641,646,564,29987,1352,947,703]} 1. Nf3 g6 2. g3 Bg7 3. Bg2 Nf6 4. O-O d6 5. d3 c6 6. e4 e5 7. Nbd2 O-O 8. c3 {[#] A05: Réti Opening: 1 Nf3 Nf6.} Ng4 $146 ({Predecessor:} 8... Re8 9. Re1 Nbd7 10. b4 d5 11. Nb3 b6 12. Qc2 Bb7 13. c4 dxe4 14. dxe4 c5 15. bxc5 Nxc5 16. Nxc5 bxc5 17. Nd2 Nd7 {½-½ (60) Tiviakov,S (2700)-Fridman,D (2564) Netherlands 2005}) 9. h3 Nh6 10. Re1 {The position is equal.} Be6 11. Nf1 f6 12. d4 Qc8 13. Kh2 Nd7 14. Ne3 Nb6 15. b3 Qc7 16. Bb2 Rae8 17. Qc2 f5 18. Ng5 (18. dxe5 $14 dxe5 19. Ba3) 18... f4 $11 19. Nxe6 (19. Nf1 {seems wilder.} Bd7 20. Nf3 c5 21. d5 c4 22. g4) 19... Rxe6 20. Nf1 g5 21. Nd2 g4 22. h4 f3 (22... d5 $15) 23. Bf1 Nf7 24. Nc4 Nxc4 25. Bxc4 Rh6 26. Bc1 Rf6 (26... Rh5 $11 {keeps the balance.}) 27. dxe5 $16 dxe5 28. a4 Rd6 (28... b6 $14) 29. Ba3 $36 {[%mdl 2048] White is in control.} c5 30. Rad1 {Strongly threatening Rxd6.} Rfd8 31. Rxd6 Qxd6 32. Bc1 Kf8 33. Bd5 (33. b4 $1 $18) 33... Bf6 (33... Bh6 $16) 34. Be3 $18 ({Inferior is} 34. Bxb7 Bxh4 35. Rh1 (35. gxh4 Qe7 $11) 35... Bg5 $11) 34... b6 35. Qd3 Qe7 {[#]} 36. Qc4 ({White should play} 36. Rh1 $1 $18) 36... Rd6 $2 (36... Nd6 $1 $14 37. Qa6 Bxh4) 37. Qa6 {And now Qc8+ would win.} Qd7 (37... Kg7 {was called for.} 38. Kg1 (38. Qc8 Qd7 $16) 38... Qd7) 38. Rd1 h5 39. Kg1 Nd8 {[#]} 40. Kf1 (40. a5 $1 $18) 40... Ne6 41. Qc4 Nc7 42. Ke1 Nxd5 43. exd5 Qf5 44. Kd2 (44. a5 $14) 44... Kg7 45. Kc1 Kg6 46. Kb2 Bg7 (46... e4 $11) 47. Qb5 (47. b4 $16) 47... Bh6 $2 {[%mdl 8192]} (47... Qd7 $11) 48. Qe8+ Qf7 49. Qxe5 Qf6 50. Qxf6+ Rxf6 51. Bxh6 Kxh6 {[%mdl 4096] Endgame KR-KR} 52. c4 Rd6 (52... Kg6 $142 53. Re1 Rf7 54. Re6+ Kf5) 53. Re1 Kg6 54. Re5 Rf6 55. Kc3 Rf5 56. Re8 Kf6 57. Re6+ (57. d6 $142 Re5 58. d7 Rxe8 59. dxe8=Q a6 60. Kd3 a5 61. Ke4 b5 62. cxb5) 57... Kf7 58. Kd3 {Accuracy: White = 59%, Black = 53%.} 1-0

[Event "Aarhusmesterskabet 2020"]
[Site "Aarhus"]
[Date "2020.02.16"]
[Round "7.8"]
[White "Marthedal, Anton Mehmet Yildiz"]
[Black "Nguyen, Phong Van"]
[Result "0-1"]
[WhiteElo "1920"]
[BlackElo "1743"]
[Annotator "ChessBase"]
[PlyCount "72"]
[EventDate "2020.02.14"]
[EventType "swiss"]
[EventCountry "DEN"]
[SourceTitle "playchess.com"]
[Source "ChessBase"]
[SourceQuality "1"]
[TimeControl "40/5400+30:1800+30"]

1. d4 {[%emt 0:00:00]} e6 {[%emt 0:04:28]} 2. Bf4 {[%emt 0:00:00]} b6 {[%emt 0:01:07]} 3. e3 {[%emt 0:01:00]} Bb7 {[%emt 0:00:11]} 4. Nf3 {[%emt 0:00:39]} Nf6 {[%emt 0:00:46]} 5. Bd3 {[%emt 0:01:17]} g6 {[%emt 0:02:38]} 6. Nbd2 {[%emt 0:01:25]} Bg7 {[%emt 0:00:18]} 7. Qe2 {[%emt 0:04:54]} d6 {[%emt 0:00:53]} 8. e4 {[%emt 0:02:05]} O-O {[%emt 0:06:48]} 9. h4 {[%emt 0:01:42]} h6 {[%emt 0:04:10]} 10. Rg1 {[%emt 0:04:13]} c5 {[%emt 0:00:29]} 11. dxc5 {[%emt 0:10:19]} bxc5 {[%emt 0:01:25]} 12. g4 {[%emt 0:01:52]} d5 {[%emt 0:01:47]} 13. e5 {[%emt 0:03:00]} Nfd7 {[%emt 0:00:46]} 14. c3 {[%emt 0:01:08]} Nc6 {[%emt 0:00:37]} 15. Qe3 {[%emt 0:03:10]} d4 {[%emt 0:05:33]} 16. Qe2 {[%emt 0:04:43]} dxc3 {[%emt 0:02:23]} 17. bxc3 {[%emt 0:00:44]} Ndxe5 {[%emt 0:07:23]} 18. Be4 {[%emt 0:08:03]} Nxf3+ {[%emt 0:01:49]} 19. Qxf3 {[%emt 0:00:30]} Qf6 20. Rb1 {[%emt 0:00:30]} e5 21. Rxb7 {[%emt 0:00:30]} exf4 22. Bxc6 {[%emt 0:00:30]} Rad8 23. g5 {[%emt 0:00:30]} Qe6+ 24. Ne4 {[%emt 0:00:30]} Kh8 25. gxh6 {[%emt 0:00:30]} Bxh6 26. Bb5 {[%emt 0:00:30]} f5 27. Rxa7 {[%emt 0:00:30]} fxe4 28. Qg4 {[%emt 0:00:30]} Qd6 29. Rd7 {[%emt 0:00:30]} Rxd7 30. Qxd7 {[%emt 0:00:30]} Qf6 31. Qd2 {[%emt 0:00:30]} e3 32. Qc2 {[%emt 0:00:30]} f3 33. Rxg6 {[%emt 0:00:30]} exf2+ 34. Kxf2 {[%emt 0:00:30]} Qxh4+ 35. Kf1 {[%emt 0:00:30]} Qh1+ 36. Rg1 {[%emt 0:00:30]} Qh3+ 0-1

[Event "Aarhusmesterskabet 2020"]
[Site "Aarhus"]
[Date "2020.02.16"]
[Round "7.9"]
[White "Andersen, Claus Nis"]
[Black "Hansen, Morten Lyck"]
[Result "1/2-1/2"]
[WhiteElo "1697"]
[BlackElo "1984"]
[Annotator "ChessBase"]
[PlyCount "42"]
[EventDate "2020.02.14"]
[EventType "swiss"]
[EventCountry "DEN"]
[SourceTitle "playchess.com"]
[Source "ChessBase"]
[SourceQuality "1"]
[TimeControl "40/5400+30:1800+30"]

1. d4 {[%emt 0:00:00]} Nf6 {[%emt 0:00:00]} 2. c4 {[%emt 0:00:00]} g6 {[%emt 0:00:00]} 3. Nc3 {[%emt 0:00:00]} d5 {[%emt 0:00:08]} 4. cxd5 {[%emt 0:02:07]} Nxd5 {[%emt 0:00:05]} 5. e4 {[%emt 0:00:05]} Nxc3 {[%emt 0:00:03]} 6. bxc3 {[%emt 0:00:05]} Bg7 {[%emt 0:00:06]} 7. Bc4 {[%emt 0:00:06]} O-O {[%emt 0:00:09]} 8. Ne2 {[%emt 0:00:44]} c5 {[%emt 0:00:17]} 9. Be3 {[%emt 0:00:18]} Nc6 {[%emt 0:00:09]} 10. O-O {[%emt 0:00:17]} Qc7 {[%emt 0:01:00]} 11. Rc1 {[%emt 0:01:23]} Rd8 {[%emt 0:00:05]} 12. Qc2 {[%emt 0:07:34]} Na5 {[%emt 0:03:24]} 13. Bb3 {[%emt 0:03:32]} Nxb3 {[%emt 0:08:04]} 14. axb3 {[%emt 0:00:21]} b6 {[%emt 0:00:22]} 15. Rfd1 {[%emt 0:01:44]} Ba6 {[%emt 0:05:10]} 16. c4 {[%emt 0:01:27]} cxd4 {[%emt 0:00:46]} 17. Nxd4 {[%emt 0:03:32]} e5 {[%emt 0:02:05]} 18. Ne2 {[%emt 0:00:28]} Rxd1+ {[%emt 0:00:34]} 19. Rxd1 {[%emt 0:10:34]} Rd8 {[%emt 0:00:09]} 20. Nc3 {[%emt 0:00:41]} Rxd1+ {[%emt 0:10:00]} 21. Qxd1 {[%emt 0:01:33]} Qd8 1/2-1/2